Les jeux vidéos les plus vendus - Statistiques

Statistiques générales
  • Ce quiz a été pris 230 fois
  • Le résultat moyen est 3 sur 10
Statistiques - réponses
Nombre de ventes
Jeux vidéos % Correct
300 000 000 Minecraft
88%
200 000 000 Grand Theft Auto V
76%
70 430 000 Mario Kart 8 Deluxe
42%
100 000 000 Tetris
41%
64 000 000 Red Dead Redemption II
26%
82 900 000 Wii sport
20%
75 000 000 PUBG: Battlegrounds
6%
50 000 000 The Witcher 3: Wild Hunt
5%
58 700 000 Terraria
3%
50 000 000 Human: Fall Flat
1%
Aucun quiz correspondant
Distribution des résultats
% des personnes avec chaque résultat
Percentile par nombre de réponses
Votre historique - résultats
Vous n’avez pas pris ce quiz